Pintura argentina : paorama del período 1810-2000. volumen dedicado a los pintores de la boca i /
Guardado en:
| Autor Principal: | |
|---|---|
| Otros Autores: | , |
| Formato: | Libro |
| Publicado: |
Buenos Aires :
Velox,
2001
|
| Series: | Arte Para Todos; 19
|
| Materias: | |
| Etiquetas: |
Agregar Etiqueta
Sin Etiquetas, Sea el primero en etiquetar este registro!
|
| LEADER | 01042nam a22002415a 4500 | ||
|---|---|---|---|
| 001 | CEM.cems014047 | ||
| 005 | 20130814165330.0 | ||
| 008 | 130507s2001##################000#0#####d | ||
| 003 | CEMS | ||
| 020 | |a 9871010141 | ||
| 082 | 0 | 4 | |a 759.982 |
| 100 | 1 | |a Blaistein, Isidoro | |
| 245 | 1 | 0 | |a Pintura argentina : |b paorama del período 1810-2000. volumen dedicado a los pintores de la boca i / |c Isidoro Blaisten, Sylvia Iparraguirre y María Teresa Constantin |
| 260 | |a Buenos Aires : |b Velox, |c 2001 | ||
| 300 | |a 23 p. | ||
| 490 | 0 | |a Arte Para Todos; 19 | |
| 505 | 0 | |a Obras de Fortunato Lacámera: Riachuelo, Serenidad, Naturaleza muerta con manzanas y ventana, Contraluz, Desde mi estudio, Contraluz, Vuelta de Rocha.Obras de Eugenio Daneri : Puente viejo, Estrella federal, Paisaje suburbano, Barco, El libro de misa. | |
| 653 | |a Pintura | ||
| 653 | |a Pintura argentina | ||
| 653 | |a Pintura de la boca | ||
| 700 | 1 | |a Iparraguirre, Sylvia | |
| 700 | 1 | |a Constantin, María Teresa | |
| 859 | |a CEMS |b BIB. CEMS - 11 de abril |h 759.982 |i B634-1 |p 26705.13 |t Ej.1 | ||
